000
00240nam a22000857a 4500
008
170202b xxu||||| |||| 00| 0 eng d
100
_9
2736
_a
CBSE
245
_a
CBSE Sample paper in English Class XII -U- Like
260
_a
New Delhi
_b
Best Book
_c
2013
999
_c
5912
_d
5912